00674nam a2200205Ia 4500003000400000005001700004008004100021020001800062040001800080041000800098082002000106100002200126245011800148250001200266260006700278300003000345650004500375650002800420650002000448OSt20251120111212.0210716s2019 xx 000 0 und d a9789352138647 cAIMIT LIBRARY aeng a006.3 21bCASA aCastrounis, Alex. aAI for people and business : bframework for better human experiences and business success /cBy Alex Castrounis. a1st ed. aMumbai :bShroff Publishers and Distributors Pvt Ltd ,c2019. axiii,297p. ;bPBc23.4 cm aThe AL for people and business framework aDeveloping an AI vision aFinal throughts